Norwegian cities by picture - Statistics

General Stats
  • This quiz has been taken 112 times
  • The average score is 7 of 15
Answer Stats
Picture Answer % Correct
Bergen
99%
Oslo
99%
Tromsø
74%
Trondheim
67%
Stavanger
64%
Ålesund
57%
Drammen
32%
Bodø
30%
Fredrikstad
30%
Lillehammer
30%
Kristiansand
27%
Hamar
25%
Hammerfest
19%
Sandnes
19%
Arendal
18%
No matching quizzes found
Score Distribution
Percent of People with Each Score
Percentile by Number Answered
Your Score History
You have not taken this quiz